<?xml version="1.0" encoding="UTF-8"?><?xml-stylesheet type="text/xsl" href="static/style.xsl"?><OAI-PMH xmlns="http://www.openarchives.org/OAI/2.0/" xmlns:xsi="http://www.w3.org/2001/XMLSchema-instance" xsi:schemaLocation="http://www.openarchives.org/OAI/2.0/ http://www.openarchives.org/OAI/2.0/OAI-PMH.xsd"><responseDate>2026-05-17T19:34:30Z</responseDate><request verb="GetRecord" identifier="oai:recam.amb.cat:20.500.14439/4225" metadataPrefix="marc">https://recam.amb.cat/rest/oai/request</request><GetRecord><record><header><identifier>oai:recam.amb.cat:20.500.14439/4225</identifier><datestamp>2025-10-08T06:41:46Z</datestamp><setSpec>com_20.500.14439_113</setSpec><setSpec>col_20.500.14439_116</setSpec></header><metadata><record xmlns="http://www.loc.gov/MARC21/slim" xmlns:dcterms="http://purl.org/dc/terms/" xmlns:xsi="http://www.w3.org/2001/XMLSchema-instance" xmlns:doc="http://www.lyncode.com/xoai" xsi:schemaLocation="http://www.loc.gov/MARC21/slim http://www.loc.gov/standards/marcxml/schema/MARC21slim.xsd">
   <leader>00925njm 22002777a 4500</leader>
   <datafield ind2=" " ind1=" " tag="042">
      <subfield code="a">dc</subfield>
   </datafield>
   <datafield ind2=" " ind1=" " tag="720">
      <subfield code="a">Àrea Metropolitana de Barcelona</subfield>
      <subfield code="e">author</subfield>
   </datafield>
   <datafield ind2=" " ind1=" " tag="260">
      <subfield code="c">2020-12-01</subfield>
   </datafield>
   <datafield ind2=" " ind1=" " tag="520">
      <subfield code="a">El Pla director de cooperació internacional és l'eina que estructura el compromís de l'AMB per contribuir a l'assoliment d'una vida digna per a tothom i garantir els drets de les persones en els entorns urbans empobrits. S'assumeixen els reptes locals per caminar cap a urbs inclusives, equitatives, segures i sostenibles que garanteixin els drets de tothom a partir una actuació transformadora treballada en conjunt. A més, fomenta una anàlisi i reflexió crítica de les relacions i desigualtats internacionals que permet transformar-les i consolidar un canvi d'actituds i actuacions a partir d'una mirada local i global alhora. El Pla expressa la singularitat de la cooperació de la institució, centrada en els valors metropolitans i municipalista, la horitzontalitat, els principis tranversals i la seva expertesa.</subfield>
   </datafield>
   <datafield ind1="8" ind2=" " tag="024">
      <subfield code="a">https://hdl.handle.net/20.500.14439/4225</subfield>
   </datafield>
   <datafield ind1="8" ind2=" " tag="024">
      <subfield code="a">B 21929-2020</subfield>
   </datafield>
   <datafield tag="653" ind2=" " ind1=" ">
      <subfield code="a">Ciutats</subfield>
   </datafield>
   <datafield ind2="0" ind1="0" tag="245">
      <subfield code="a">Plano Diretor de Cooperaçao Internacional 2020-2023</subfield>
   </datafield>
</record></metadata></record></GetRecord></OAI-PMH>